Con tinta y sangre : cuentos policiales /

Guardado en:
Otros Autores: Francia, Omar, il.
Formato: Libro
Publicado: Buenos Aires : La Nación
Series:Libros ilustrados. Serie Argentina
Materias:
Etiquetas: Agregar Etiqueta
Sin Etiquetas, Sea el primero en etiquetar este registro!
LEADER 00787nam a22002175a 4500
001 CEM.cems012677
005 20070821163727.0
008 130507b######################000#0#####d
003 CEMS
082 0 4 |a FA860 
245 0 0 |a Con tinta y sangre :  |b cuentos policiales /  |c Ilustraciones de Omar Francia 
260 |a Buenos Aires :  |b  La Nación 
300 |a 33 p. 
490 0 |a Libros ilustrados. Serie Argentina 
505 0 |a Las señales -- Adolfo Pérez Zelaschi -- El error de Ludueña / Elvio Gandolfo -- La marca del ganado / Pablo De Santis -- Con tinta sangre / Juan Sasturain 
653 |a Literatura 
653 |a Literatura argentina 
653 |a Cuentos 
653 |a Cuentos policiales 
700 1 |a Francia, Omar, il. 
859 |a CEMS  |b BIB. CEMS - 11 de abril  |h FA860  |i 42-1  |p 2153.44  |t Ej.1